TNA Wrestling PPV Main Events - 2010 - Statistics

General Stats
  • This quiz has been taken 55 times
  • The average score is 10 of 14
Answer Stats
PPV Answer % Correct
Genesis, Destination X, Sacrifice AJ Styles
100%
Lockdown, Slammiversary Sting
95%
Lockdown, Victory Road, Bound for Glory, Turning Point, Final Resolution Jeff Hardy
92%
Genesis, Bound for Glory Kurt Angle
92%
Against All Odds, Victory Road, No Surrender, Bound for Glory Mr. Anderson
86%
Lockdown, Sacrifice, Slammiversary, Victory Road, Hardcore Justice Rob Van Dam
86%
Destination X, Lockdown, Victory Road Abyss
78%
Lockdown Robert Roode
73%
Lockdown James Storm
68%
Hardcore Justice Sabu
68%
Turning Point, Final Resolution Matt Morgan
65%
Lockdown Jeff Jarrett
57%
Against All Odds, No Surrender D'Angelo Dinero
41%
Lockdown Desmond Wolfe
38%
No matching quizzes found
Score Distribution
Percent of People with Each Score
Percentile by Number Answered
Your Score History
You have not taken this quiz